000 00756nam a2200217Ia 4500
003 GCL
008 140319s9999 xx 000 0 ara d
020 _a?625015977
040 _aGCL /
_cGCL
082 0 4 _a229.7
_bع م
100 1 _aعبدالله محمد البلتاجى
245 1 0 _aمقدمة في الاعجاز الرياضى للقران الكريم /
_cعبدالله محمد البلتاجى
250 _aالاولى
260 _aالقاهرة :
_bمكتبة بستان المعرفة ،
_c2002
300 _a163 ص ؛
_c24 سم
490 _aموسوعة معجزة القران الكريم الرياضية
_v0
650 0 4 _aالاسلام
650 0 4 _aالقران - اعجاز
650 0 4 _aالقران
942 _2ddc
_cBK
999 _c6174
_d6174